000 00332nam a22001457a 4500
003 SGT
020 _a9789382740025
082 _a345.5405,SWA
100 _aSWAMY
245 _aCRIMINOLOGY AND CRIMINAL JUSTICE SYSTEM
260 _aHYDERABAD
_bASIA LAW HOUSE
_c2014
300 _a384
650 _aCRIMINOLOGY
942 _2ddc
_cBK
_02
999 _c10985
_d10985